Score 0/12 Timer 03:00
2 Plays Today
School: Team Missing Word % Correct
______ University: HoosiersIndiana
95%
University of ______-Madison: BadgersWisconsin
94.7%
University of ______: WolverinesMichigan
91.7%
Ohio State University: ______Buckeyes
90.6%
Michigan State University: ______Spartans
85.8%
University of Illinois: Fighting ______Illini
85.7%
Pennsylvania State University: ______ LionsNittany
85%
Purdue University: ______Boilermakers
84.3%
University of Minnesota: Golden ______Gophers
82%
University of Iowa: ______Hawkeyes
80.7%
______ University: WildcatsNorthwestern
73.5%
University of Nebraska-______: CornhuskersLincoln
71.7%

Today's Daily Dose

Missing Word
I Hardly Know Her!

Word Ladder
Sentence Ending

Quick Pick
Female Firsts

Get the Picture
Triathlon Sports

Remove Ads.
Support Sporcle.
Get the best of Sporcle when you Go Orange. This ad-free experience offers more features, more stats, and more fun while also helping to support Sporcle. Thank you for becoming a member.

You're not logged in!

Compare scores with friends on all Sporcle quizzes.
OR
Log In

Show Comments

Extras

Top Quizzes Today


Score Distribution

Your Account Isn't Verified!

In order to create a playlist on Sporcle, you need to verify the email address you used during registration. Go to your Sporcle Settings to finish the process.

Report this User

Report this user for behavior that violates our Community Guidelines.

Details: